| 000 | 00516nam a2200181Ia 4500 | ||
|---|---|---|---|
| 999 |
_c22536 _d22536 |
||
| 003 | OSt | ||
| 005 | 20200709151125.0 | ||
| 008 | 190216s9999||||xx |||||||||||||| ||und|| | ||
| 020 | _a8172047452 | ||
| 040 | _coclc | ||
| 082 |
_a297 _bMOU/I |
||
| 100 |
_aMoudoodi, Abul Ala _91860 |
||
| 245 | 0 |
_aIslamum Jahiliyyathum / _cAbul Ala Moudoodi |
|
| 260 |
_bIslamic Publishing House, _c2001. _aKozhikode: |
||
| 300 | _a30p | ||
| 650 | _aIslamic Culture | ||
| 942 |
_cBK _2ddc _h297 _iMOU/I _k297 _mMOU/I |
||